Представление документа в формате RUSMARC

ПолеНазваниеЗначение
  Тип записи a
  Библиографический уровень m
001 Контрольный номер f30b3bed6e5740b69c3a1d29d7fd505d
005 Дата корректировки 20260415145109.3
010 Индекс ISBN __
a ISBN 978-5-6045435-2-8
b Уточнения в пер.
9 Тираж 1000 экз.
100 Данные общей обработки __
a Данные общей обработки 20260415d2020 mk y0rusy028902 ca
101 Язык документа 0_
a Язык текста rus
102 Страна публикации __
a Страна публикации RU
105 Кодированные данные (монография) __
a Кодированные данные (монография) y z 000yy
181 Поле кодированных данных: вид содержания _0
a Код вида содержания (ISBD) i
182 Поле кодированных данных: тип средства _0
a Код типа средства (ISBD) n
200 Заглавие и сведения об ответственности 1_
a Заглавие Сибирское воеводство
e Сведения, относящиеся к заглавию от возникновения до упразднения (XVII - начало XVIII вв.)
203 Вид содержания и тип средства __
a Вид содержания Текст
c Тип средства непосредственный
210 Выходные данные 1_
d Дата издания 2020
215 Физическое описание __
a Объем 423, [6] с.
d Формат 22 см
320 Библиография __
a Библиография Библиография в примечаниях: с. 412-423
461 Уровень набора _0
1 700 1
a Софронов
b В. Ю.
g Вячеслав Юрьевич
f 1949-
1 2001
a Вехи сибирской истории
e [в 3 томах]
f Вячеслав Софронов
v Т. 2
1 2101
a Тюмень
c Общество русской культуры
d 2020
1 00191ba7a15a5e849bd8337d466d2a61e2b
1 203
a Текст
c непосредственный
606 Тематические рубрики __
2 Код системы nlr_sh
a Основная рубрика История
606 Тематические рубрики __
2 Код системы nlr_sh
a Основная рубрика История России в целом
z Хронологическая подрубрика 17 в.
z Хронологическая подрубрика 18 в.
y Географическая подрубрика Сибирь
y Географическая подрубрика Тюменская область
y Географическая подрубрика Иркутская область
y Географическая подрубрика Омская область
y Географическая подрубрика Сургут
y Географическая подрубрика Тобольск
610 Ключевые слова 0_
a Ключевые слова история Сибири
610 Ключевые слова 0_
a Ключевые слова освоение Сибири
610 Ключевые слова 0_
a Ключевые слова краеведение
610 Ключевые слова 0_
a Ключевые слова воеводское управление
610 Ключевые слова 0_
a Ключевые слова местное управление в Сибири
686 Индексы других классификаций __
2 Код системы rubbks
a Классификационный индекс К63.3(253)
686 Индексы других классификаций __
2 Код системы rubbks
a Классификационный индекс К63.3(253)-334
801 Источник записи _0
a Страна RU
b Организация Муниципальное бюджетное учреждение культуры "Централизованная библиотечная система" г. Сургут (Центральная городская библиотека им. А. С. Пушкина)
c Дата составления 20260415
g Правила каталогизации PSBO
801 Источник записи _1
a Страна RU
b Организация Муниципальное бюджетное учреждение культуры "Централизованная библиотечная система" г. Сургут (Центральная городская библиотека им. А. С. Пушкина)
c Дата составления 20260415
g Правила каталогизации PSBO
852 Данные о местонахождении __
i Авторский знак С 68
j Шифр хранения К63.3(253)
901 Тип документа __
t Тип документа n
w Контрольный № источника 91ba7a15a5e849bd8337d466d2a61e2b
a Ответственный КиК/Обаева
901 Тип документа __
a Ответственный без партии
903 Характеристики (МАРС) __
c Наименование библиотеки (МАРС) Муниципальное бюджетное учреждение культуры "Централизованная библиотечная система" г. Сургут (Центральная городская библиотека им. А. С. Пушкина)
a Дата передачи 20260415